00627nam a22002057a 4500003000500000005001700005008004100022010001000063011001000073035001000083040000900093082001600102110004300118245003800161260005600199300000900255500009900264505002000363650003800383CHAP20220329135036.0971013s1962 r 00010 d a30005 a30977 a35089 cCHAP a330.94bN3200aOrganización de las Naciones Unidas. aEconomic survey of Europe in 1961 aGeneva :bEconomic Commission for Europe,c1962-64. a2 v. aThe European economy in 1961.--v.2 Some factors in economic growth in Europe during the 1950s. aContenido : v.114aEuropaxCondiciones económicas.